[Event "Niederbayernliga 1314"]
[Site "Bayern"]
[Date "2013.??.??"]
[Round "3"]
[White "Kuehne, Ronald"]
[Black "Seelentag, Harald"]
[Result "1-0"]
[WhiteElo "1658"]
[BlackElo "1512"]
[PlyCount "65"]
[EventDate "2013.10.13"]
[EventType "team-tourn"]
[EventRounds "9"]
[EventCountry "GER"]
[SourceTitle "EXT 2023"]
[Source "ChessBase"]
[SourceDate "2022.10.05"]
[SourceVersion "1"]
[SourceVersionDate "2022.10.05"]
[SourceQuality "1"]
[WhiteTeam "Ergolding"]
[BlackTeam "Rottal II"]
[WhiteTeamCountry "GER"]
[BlackTeamCountry "GER"]

1. d4 d5 2. c4 e6 3. Nc3 Nf6 4. Nf3 c5 5. e3 Nc6 6. a3 a6 7. dxc5 Bxc5 8. b4 Be7 9. c5 0-0 10. Bb2 e5 11. Na4 Bg4 12. h3 Bxf3 13. Qxf3 Qc7 14. g4 Rad8 15. Rd1 Rfe8 16. Bg2 e4 17. Qe2 h6 18. 0-0 Ne5 19. Nb6 Nd3 20. Bd4 a5 21. Qd2 axb4 22. axb4 g5 23. Qc3 Qc6 24. f3 Kg7 25. fxe4 dxe4 26. Rxd3 Qe6 27. Rd2 Kg6 28. Rdf2 Nd5 29. Nxd5 Rxd5 30. Bh8 Rxh8 31. Qxh8 f6 32. Bxe4+ Qxe4 33. Rxf6+ 1-0